000 00470nam a22001697a 4500
003 OSt
008 241119b |||||||| |||| 00| 0 eng d
082 _a633.7106
_bC27A
100 _aCentral Tobacco Research Institute
245 _aAnnual Report, 2002 - 2003
260 _a.- Rajahmundry, Andhra Pradesh
_b: Central Tobacco Research Institute
_c, 2003
300 _a187p.
650 _aAnnual Report
650 _aTobacco
650 _aRajahmundry
942 _2ddc
_cRP
999 _c47082
_d47082